000 00991nam a22002897a 4500
001 BR7806404
003 BR-BrBNA
005 20230928085741.0
007 ta
008 230509b bl.||||| |||| 00| 0 por d
040 _aBR-BrBNA
_bpor
_cBiblioteca Nacional de Agricultura
041 _a(Por)
072 _aE30; E10
_b/G514
090 _ E30 BR7806404
100 1 _aSouza, F.G. de
110 1 _aSubsecretaria de Planejamento e Orcamento, Brasilia, DF (Brasil). Unidade Regional de Supervisao Centro-Oeste
_99999
245 1 _aCritica, consideracoes e subsidios aos Planos de Desenvolvimento Agricola Estaduais. Integracao e compatibilizacao a orientacao nacional [Brasil]
_bConvenio: MA/SUDECO/EMATER-GO
260 3 _aBrasilia, DF (Brasil):
_c1978.
300 _a23 p.
650 _aDESENVOLVIMENTO AGRICOLA
650 _aPOLITICA AGRICOLA
650 _aDISTRIBUICAO DE RENDA
650 _aINFLACAO
650 _aRENDA
909 _a202309
_bLucia
_c55
_dLucia Elande
942 _cBK
999 _c26128
_d26128